Idealización en economía (Registro nro. 32275)

Detalles MARC
000 -LEADER
fixed length control field 00387 a2200109 4500
001 - CONTROL NUMBER
control field ART_39575
005 - DATE AND TIME OF LATEST TRANSACTION
control field 20260410162012.0
008 - FIXED-LENGTH DATA ELEMENTS--GENERAL INFORMATION
fixed length control field 260409a
100 1# - MAIN ENTRY--PERSONAL NAME
Personal name García, Pablo Sebastián
245 10 - TITLE STATEMENT
Title Idealización en economía
773 0# - HOST ITEM ENTRY
Title Documentos del CIECE
Related parts Ensayos sobre investigación del comportamiento de las organizaciones - Nº 5 (jul./dic. 2008)
Record control number REV39541

No hay ítems disponibles.